000 00414nam a2200169Ia 4500
005 20250423100704.0
008 250422s9999 xx 000 0 und d
020 _a9781842659458
050 _aTP 248.65.P76 .R36/
100 _aRamya, A.
245 0 _aProtein engineering
260 _aOxford
260 _bAlpha Science International Ltd.
260 _c2015
650 _aProtein engineering.
942 _cBK
999 _c34067
_d34067